[Event "GBR-ch 100th"]
[Site "Torquay"]
[Date "2013.08.06"]
[Round "8"]
[White "Bonafont, Philip"]
[Black "Kalaiyalahan, Akshaya"]
[Result "0-1"]
[WhiteElo "2084"]
[BlackElo "1920"]
[PlyCount "118"]
[EventDate "2013.07.29"]
[EventType "swiss"]
[EventRounds "11"]
[EventCountry "GBR"]
[Source "John Saunders"]
[SourceDate "2015.07.24"]

1. d4 Nf6 2. Nf3 g6 3. Bf4 Bg7 4. e3 d6 5. Be2 O-O 6. O-O Nh5 7. Bg5 h6 8. Bh4
c5 9. c3 Nf6 10. Nbd2 b6 11. a4 a6 12. b4 cxb4 13. cxb4 Bb7 14. Qb1 Nbd7 15.
Rc1 Rc8 16. Qb2 Rxc1+ 17. Rxc1 Qb8 18. Nc4 Rc8 19. Bd3 Rc7 20. Nfd2 Qc8 21. Rc2
d5 22. Na3 Rxc2 23. Nxc2 g5 24. Bg3 Nh5 25. a5 Nxg3 26. hxg3 b5 27. Nb3 e6 28.
Ne1 Kf8 29. Be2 Nf6 30. Nd3 Ne4 31. Nbc5 Nd6 32. Bg4 Nc4 33. Qc1 Ke7 34. Qc2
Qc7 35. Nb2 f5 36. Be2 Bc8 37. Nd1 Kf7 38. Bd3 Bf8 39. Nc3 Qd6 40. Qe2 g4 41.
Qa2 Be7 42. Ne2 h5 43. Nf4 h4 44. gxh4 Bxh4 45. g3 Bg5 46. Qe2 e5 47. Ng2 exd4
48. exd4 Bf6 49. Bxc4 dxc4 50. Qd2 Bxd4 51. Qg5 Bc3 52. Nf4 Bxb4 53. Qh5+ Kg7
54. Qg5+ Kf8 55. Nce6+ Bxe6 56. Qf6+ Bf7 57. Ng6+ Ke8 58. Qh8+ Kd7 59. Ne5+ Ke6
0-1

[Event "GBR-ch 100th"]
[Site "Torquay"]
[Date "2013.08.06"]
[Round "8"]
[White "Broadley, Henry"]
[Black "Girdlestone, Paul C"]
[Result "1-0"]
[WhiteElo "1953"]
[BlackElo "2155"]
[PlyCount "79"]
[EventDate "2013.07.29"]
[EventType "swiss"]
[EventRounds "11"]
[EventCountry "GBR"]
[Source "John Saunders"]
[SourceDate "2015.07.24"]

1. d4 Nf6 2. c4 e6 3. Nc3 Bb4 4. f3 c5 5. d5 d6 6. e4 O-O 7. Bd3 b5 8. cxb5
exd5 9. exd5 Bb7 10. Nge2 Qb6 11. Bc4 Nbd7 12. O-O Ne5 13. b3 a6 14. a4 Rfe8
15. Bd2 axb5 16. Bxb5 c4+ 17. Kh1 Rec8 18. Bg5 cxb3 19. Qxb3 Bxc3 20. Nxc3 Qd4
21. Rac1 Nxd5 22. Nxd5 Bxd5 23. Qe3 Qb2 24. Rfd1 Bc4 25. Bxc4 Nxc4 26. Qe4 Qb3
27. Rd4 Rxa4 28. Qg4 f5 29. Qxf5 Raa8 30. Qd5+ Kh8 31. Rdxc4 Re8 32. Qxa8 Rxa8
33. Rc8+ Qg8 34. Rxg8+ Kxg8 35. Kg1 Kf7 36. Bf4 Ra6 37. Rc7+ Kf6 38. Rd7 Kf5
39. Bxd6 Ke6 40. Rxg7 1-0

[Event "GBR-ch 100th"]
[Site "Torquay"]
[Date "2013.08.06"]
[Round "8"]
[White "Burke, Mitchell R"]
[Black "Jackson, Oliver"]
[Result "1/2-1/2"]
[WhiteElo "1971"]
[BlackElo "2207"]
[PlyCount "147"]
[EventDate "2013.07.29"]
[EventType "swiss"]
[EventRounds "11"]
[EventCountry "GBR"]
[Source "John Saunders"]
[SourceDate "2015.07.24"]

1. e4 c5 2. Nc3 Nc6 3. f4 g6 4. Nf3 Bg7 5. Bb5 Nd4 6. O-O a6 7. Bd3 d6 8. Nxd4
cxd4 9. Ne2 Nf6 10. Kh1 Nd7 11. b4 Qb6 12. c3 dxc3 13. dxc3 a5 14. Rb1 axb4 15.
Rxb4 Qc7 16. Bb1 O-O 17. Rf3 Nc5 18. Rg3 f5 19. exf5 Bxf5 20. Bxf5 Rxf5 21. Nd4
Ne4 22. Qb3+ Rf7 23. Rf3 Nc5 24. Qc4 e6 25. Nxe6 Nxe6 26. Qxe6 Kh8 27. Rc4 Re7
28. Rxc7 Rxe6 29. Re3 Rxe3 30. Bxe3 Kg8 31. h3 Rxa2 32. Rxb7 Bxc3 33. Rb3 Bf6
34. Rb6 Ra1+ 35. Kh2 Rd1 36. Rb8+ Kf7 37. Rb7+ Be7 38. Kg3 h5 39. Kf3 Ke6 40.
Rc7 Bf6 41. Rc1 Rd3 42. Ke2 Ra3 43. Rd1 h4 44. Rb1 d5 45. Rb6+ Kf5 46. Rd6 Ra5
47. Kf3 Be7 48. Rc6 Ra3 49. Ke2 Bb4 50. Rc8 d4 51. Bxd4 Kxf4 52. Rc4 Ra2+ 53.
Bb2+ Kg3 54. Rxb4 Kxg2 55. Ke1 Kxh3 56. Bf6 Kg3 57. Bxh4+ Kf3 58. Bf6 Ra6 59.
Bd8 Ra1+ 60. Kd2 Ra2+ 61. Kd3 Rg2 62. Rb6 g5 63. Rf6+ Kg4 64. Ke3 Rb2 65. Ba5
Rb3+ 66. Ke2 Rb5 67. Bd2 Rf5 68. Rg6 Kh4 69. Rh6+ Kg4 70. Ra6 Kh3 71. Ra3+ Kg2
72. Be3 g4 73. Ra1 g3 74. Ra8 1/2-1/2

[Event "GBR-ch 100th"]
[Site "Torquay"]
[Date "2013.08.06"]
[Round "8"]
[White "Carr, Neil L"]
[Black "Hackner, Oskar A"]
[Result "1-0"]
[WhiteElo "2290"]
[BlackElo "2063"]
[PlyCount "119"]
[EventDate "2013.07.29"]
[EventType "swiss"]
[EventRounds "11"]
[EventCountry "GBR"]
[Source "John Saunders"]
[SourceDate "2015.07.24"]

1. c4 Nf6 2. g3 c5 3. Bg2 d5 4. cxd5 Nxd5 5. Nc3 Nc7 6. d3 e6 7. Be3 Be7 8. Rc1
Nd7 9. Nf3 b6 10. d4 Bb7 11. O-O O-O 12. Qc2 Nd5 13. Nxd5 Bxd5 14. Rfd1 Rc8 15.
Qa4 Bc6 16. Qa6 Qc7 17. Bf4 Qb7 18. Qxb7 Bxb7 19. Ne5 Bxg2 20. Nxd7 Rfd8 21.
Nxb6 axb6 22. Kxg2 Bf6 23. dxc5 Rxd1 24. Rxd1 Rxc5 25. b4 Rc4 26. Rc1 Rxc1 27.
Bxc1 b5 28. Kf3 Kf8 29. Ke4 Ke7 30. Kd3 Kd6 31. Kc2 Kc6 32. Bb2 Be7 33. Kb3 g6
34. a4 bxa4+ 35. Kxa4 f6 36. Ka5 e5 37. e4 Bd6 38. Bc3 Kb7 39. Kb5 Bc7 40. Bd2
f5 41. f3 Bd6 42. Be3 h5 43. Bc5 Bb8 44. Kc4 Kc6 45. b5+ Kd7 46. Kd5 f4 47.
gxf4 exf4 48. h4 Bc7 49. Ba7 g5 50. hxg5 h4 51. Bg1 h3 52. Bh2 Bb6 53. g6 Ke7
54. Kc6 Bf2 55. Bxf4 Bg1 56. b6 h2 57. Bxh2 Bxh2 58. b7 Kf6 59. Kd7 Kxg6 60.
Kc8 1-0

[Event "GBR-ch 100th"]
[Site "Torquay"]
[Date "2013.08.06"]
[Round "8"]
[White "Coates, David H"]
[Black "Murphy, Hugh"]
[Result "0-1"]
[WhiteElo "2046"]
[BlackElo "2170"]
[PlyCount "66"]
[EventDate "2013.07.29"]
[EventType "swiss"]
[EventRounds "11"]
[EventCountry "GBR"]
[Source "John Saunders"]
[SourceDate "2015.07.24"]

1. d4 d5 2. c4 e6 3. Nc3 Be7 4. cxd5 exd5 5. Bf4 c6 6. e3 Bd6 7. Bxd6 Qxd6 8.
Qc2 Nf6 9. Bd3 O-O 10. Nf3 Re8 11. O-O Nbd7 12. Rab1 a5 13. a3 Nf8 14. b4 axb4
15. axb4 Ng6 16. h3 Qe7 17. Nd2 Nh4 18. Rfe1 Nh5 19. Bf1 Qg5 20. Kh2 Re6 21.
Qd1 Rf6 22. Nde4 dxe4 23. Nxe4 Qd5 24. Nxf6+ Nxf6 25. f3 Qd6+ 26. f4 Bf5 27.
Rb2 Be4 28. Qc1 Nd5 29. Qd2 h5 30. Qf2 Nf5 31. g4 hxg4 32. hxg4 Qh6+ 33. Bh3
Nh4 0-1

[Event "GBR-ch 100th"]
[Site "Torquay"]
[Date "2013.08.06"]
[Round "8"]
[White "Duff, Rufus"]
[Black "Chapman, Terry PD"]
[Result "1/2-1/2"]
[WhiteElo "2157"]
[BlackElo "2308"]
[PlyCount "94"]
[EventDate "2013.07.29"]
[EventType "swiss"]
[EventRounds "11"]
[EventCountry "GBR"]
[Source "John Saunders"]
[SourceDate "2015.07.24"]

1. e4 c6 2. d4 d5 3. Nc3 dxe4 4. Nxe4 Bf5 5. Ng3 Bg6 6. Nf3 Nd7 7. h4 h6 8. h5
Bh7 9. Bd3 Bxd3 10. Qxd3 e6 11. Bf4 Ngf6 12. O-O-O Be7 13. Kb1 O-O 14. Ne4 Qa5
15. Bd2 Qb6 16. Rhg1 Ng4 17. Qe2 f5 18. Nc3 c5 19. Be1 Bf6 20. Qb5 cxd4 21.
Qxb6 Nxb6 22. Nxd4 Bxd4 23. Rxd4 Rfd8 24. Rxd8+ Rxd8 25. f3 Nf6 26. Rh1 Kf7 27.
Kc1 Nbd5 28. Nxd5 Rxd5 29. Bf2 a6 30. c4 Re5 31. Bd4 Re2 32. Rh2 Re1+ 33. Kd2
Ra1 34. a3 Nd7 35. g3 e5 36. Bc3 Rg1 37. Rh3 Ke6 38. Ke2 Rg2+ 39. Kf1 Rc2 40.
f4 exf4 41. gxf4 Nf6 42. Bxf6 Kxf6 43. Rb3 Rxc4 44. Rb6+ Kf7 45. Rxb7+ Kg8 46.
Ra7 Rxf4+ 47. Kg2 Ra4 1/2-1/2

[Event "GBR-ch 100th"]
[Site "Torquay"]
[Date "2013.08.06"]
[Round "8"]
[White "Eames, Robert"]
[Black "Wadsworth, Matthew J"]
[Result "1/2-1/2"]
[WhiteElo "2244"]
[BlackElo "2136"]
[PlyCount "132"]
[EventDate "2013.07.29"]
[EventType "swiss"]
[EventRounds "11"]
[EventCountry "GBR"]
[Source "John Saunders"]
[SourceDate "2015.07.24"]

1. d4 d5 2. c4 c6 3. Nf3 Nf6 4. Nc3 a6 5. c5 Nbd7 6. Bf4 Nh5 7. Qd2 Nxf4 8.
Qxf4 Nf6 9. Ne5 g6 10. e4 Be6 11. Bd3 Bg7 12. h4 dxe4 13. Nxe4 Nxe4 14. Bxe4
Qa5+ 15. Qd2 Qxd2+ 16. Kxd2 O-O-O 17. Kc3 f6 18. Nf3 f5 19. Bc2 Bd5 20. Ne5
Bxe5 21. dxe5 Bxg2 22. Rhg1 Be4 23. Bxe4 fxe4 24. Rae1 Rd5 25. Rxe4 Rxc5+ 26.
Kd4 Rc2 27. Ke3 Rf8 28. f4 Rh2 29. Rg4 Rf5 30. Rb4 Rh3+ 31. Ke4 Rh5 32. Rd4
R3xh4 33. Rg2 g5 34. Kf5 Rxf4+ 35. Rxf4 gxf4+ 36. Ke6 f3 37. Rg8+ Kc7 38. Rf8
Rg5 39. Rxf3 Rg7 40. Rh3 a5 41. a4 b5 42. axb5 cxb5 43. Rd3 h5 44. Rc3+ Kb6 45.
Rh3 Rh7 46. Kf5 h4 47. Kg6 Rh8 48. Kg7 Rh5 49. e6 Kc6 50. Kg6 Re5 51. Kf7 Kd6
52. Rd3+ Rd5 53. Rxd5+ Kxd5 54. Kxe7 h3 55. Kd7 h2 56. e7 h1=Q 57. e8=Q Qh7+
58. Kd8 Qd3 59. Kc7 Kc4 60. Qe6+ Kb4 61. Kb6 Qd4+ 62. Ka6 Qxb2 63. Qd6+ Ka4 64.
Qd1+ Kb4 65. Qd6+ Kb3 66. Kxa5 Qa3+ 1/2-1/2

[Event "GBR-ch 100th"]
[Site "Torquay"]
[Date "2013.08.06"]
[Round "8"]
[White "Eggleston, David"]
[Black "Weller, Jean Luc"]
[Result "0-1"]
[WhiteElo "2363"]
[BlackElo "2172"]
[PlyCount "82"]
[EventDate "2013.07.29"]
[EventType "swiss"]
[EventRounds "11"]
[EventCountry "GBR"]
[Source "John Saunders"]
[SourceDate "2015.07.24"]

1. e4 e6 2. d4 d5 3. Nc3 Nf6 4. e5 Nfd7 5. f4 c5 6. Nf3 Nc6 7. Be3 Be7 8. dxc5
Bxc5 9. Qd2 O-O 10. O-O-O Qa5 11. Bxc5 Nxc5 12. Kb1 Bd7 13. Bd3 Nb4 14. Nd4 Ba4
15. b3 Bd7 16. Kb2 Rac8 17. a3 Nbxd3+ 18. cxd3 Qb6 19. Nce2 a5 20. g4 f6 21.
Rhf1 Na4+ 22. Ka2 fxe5 23. bxa4 exd4 24. Rb1 Qa6 25. Nxd4 Bxa4 26. Rbe1 Rfe8
27. Rf3 Qb6 28. Qb2 Qd6 29. Re5 Rc7 30. Rfe3 Rec8 31. Re2 Rc3 32. f5 Qa6 33.
fxe6 Qxd3 34. Re1 Qxd4 35. e7 Qc4+ 36. Ka1 Rc1+ 37. Rxc1 Qxc1+ 38. Qxc1 Rxc1+
39. Kb2 Rc8 40. Rxd5 Re8 41. Rxa5 Bc6 0-1

[Event "GBR-ch 100th"]
[Site "Torquay"]
[Date "2013.08.06"]
[Round "8"]
[White "Emms, John M"]
[Black "Graham, David Bruce"]
[Result "1-0"]
[WhiteElo "2469"]
[BlackElo "2165"]
[PlyCount "51"]
[EventDate "2013.07.29"]
[EventType "swiss"]
[EventRounds "11"]
[EventCountry "GBR"]
[Source "John Saunders"]
[SourceDate "2015.07.24"]

1. e4 e6 2. d4 d5 3. Nd2 Nf6 4. Bd3 c5 5. e5 Nfd7 6. c3 Nc6 7. Ne2 cxd4 8. cxd4
f6 9. exf6 Qxf6 10. O-O Nxd4 11. Nxd4 Qxd4 12. Nf3 Qg4 13. h3 Qh5 14. Re1 Nf6
15. Re5 Qf7 16. Ng5 Qc7 17. Bf4 Qb6 18. Nxe6 Bxe6 19. Bf5 Kd8 20. Rxe6 Qxb2 21.
Be5 Qb5 22. Rb1 Bb4 23. a3 a5 24. axb4 axb4 25. Qc1 Ne8 26. Qg5+ 1-0

[Event "GBR-ch 100th"]
[Site "Torquay"]
[Date "2013.08.06"]
[Round "8"]
[White "Fernandez, Daniel Howard"]
[Black "Lalic, Bogdan"]
[Result "0-1"]
[WhiteElo "2346"]
[BlackElo "2489"]
[PlyCount "84"]
[EventDate "2013.07.29"]
[EventType "swiss"]
[EventRounds "11"]
[EventCountry "GBR"]
[Source "John Saunders"]
[SourceDate "2015.07.24"]

1. Nf3 c5 2. c4 Nc6 3. d4 cxd4 4. Nxd4 Qb6 5. Nb3 e6 6. e4 Nf6 7. Be3 Qc7 8.
Nc3 Bb4 9. Nd2 Bxc3 10. bxc3 Qe5 11. Rc1 Nxe4 12. f4 Qf5 13. Nxe4 Qxe4 14. Kf2
Ne7 15. Bd3 Qc6 16. Bd4 O-O 17. Re1 Nf5 18. Bxf5 exf5 19. Re3 b6 20. Qh5 Bb7
21. Rg3 f6 22. Re1 Rf7 23. Ree3 Raf8 24. Qxf5 Qxc4 25. Qb1 Bd5 26. Re2 Qc7 27.
f5 Bc4 28. Re4 Qd6 29. Kg1 Qd5 30. Reg4 Re7 31. h4 Be2 32. Rf4 h5 33. Qb4 d6
34. Re3 Rfe8 35. Rxe7 Rxe7 36. Qb1 Bg4 37. Rf2 Qc4 38. a3 d5 39. Kh2 Qc7+ 40.
Kg1 Qg3 41. Qb5 Re1+ 42. Rf1 Bf3 0-1

[Event "GBR-ch 100th"]
[Site "Torquay"]
[Date "2013.08.06"]
[Round "8"]
[White "Freeman, Richard"]
[Black "Burnett, Jim"]
[Result "1/2-1/2"]
[WhiteElo "2030"]
[BlackElo "2117"]
[PlyCount "27"]
[EventDate "2013.07.29"]
[EventType "swiss"]
[EventRounds "11"]
[EventCountry "GBR"]
[Source "John Saunders"]
[SourceDate "2015.07.24"]

1. d4 d5 2. Bg5 h6 3. Bh4 c6 4. c3 Bf5 5. Qb3 Qb6 6. Nd2 Nd7 7. e3 e6 8. Ngf3
Ngf6 9. Be2 Be7 10. O-O O-O 11. c4 Rfe8 12. c5 Qxb3 13. axb3 Ne4 14. Bxe7
1/2-1/2

[Event "GBR-ch 100th"]
[Site "Torquay"]
[Date "2013.08.06"]
[Round "8"]
[White "Friedland, Jon S"]
[Black "Homer, Stephen J"]
[Result "1-0"]
[WhiteElo "2093"]
[BlackElo "2165"]
[PlyCount "65"]
[EventDate "2013.07.29"]
[EventType "swiss"]
[EventRounds "11"]
[EventCountry "GBR"]
[Source "John Saunders"]
[SourceDate "2015.07.24"]

1. e4 c5 2. Nf3 d6 3. Bb5+ Nd7 4. O-O Ngf6 5. Re1 a6 6. Bf1 Ne5 7. h3 e6 8. c3
Qc7 9. d4 Nxf3+ 10. Qxf3 b6 11. Bg5 Nd7 12. Nd2 Bb7 13. b4 h6 14. Be3 Be7 15.
bxc5 bxc5 16. Qg3 Bf6 17. f4 O-O 18. e5 dxe5 19. fxe5 Kh8 20. Bd3 Be7 21. Qg4
Rfd8 22. Qh5 Nxe5 23. Bf4 f6 24. Rxe5 Bd6 25. Qg6 Kg8 26. Rxc5 Qd7 27. Bxd6
Qxd6 28. Rf1 f5 29. Nc4 Qe7 30. Re5 Bd5 31. Nb6 Bxa2 32. Nxa8 Qb7 33. Rxe6 1-0

[Event "GBR-ch 100th"]
[Site "Torquay"]
[Date "2013.08.06"]
[Round "8"]
[White "Ghasi, Ameet K"]
[Black "Zhou, Yang Fan"]
[Result "1/2-1/2"]
[WhiteElo "2459"]
[BlackElo "2469"]
[PlyCount "158"]
[EventDate "2013.07.29"]
[EventType "swiss"]
[EventRounds "11"]
[EventCountry "GBR"]
[Source "John Saunders"]
[SourceDate "2015.07.24"]

1. Nf3 Nf6 2. g3 b5 3. Bg2 Bb7 4. O-O e6 5. d3 Be7 6. e4 d6 7. a4 b4 8. a5 c5
9. Nbd2 O-O 10. e5 dxe5 11. Nxe5 Bxg2 12. Kxg2 Qc7 13. Qf3 Nd5 14. Re1 Bf6 15.
Nec4 Nc6 16. Nb3 Rab8 17. Re4 Rb5 18. Bf4 Nxf4+ 19. Qxf4 Qxf4 20. Rxf4 Rd8 21.
Re4 g6 22. f4 Kg7 23. Rf1 Rd5 24. g4 a6 25. Kf3 h5 26. h3 Rd8 27. g5 Be7 28.
Ne5 Nxe5+ 29. Rxe5 c4 30. dxc4 Rxe5 31. fxe5 Rc8 32. Nd2 Rc5 33. Kf4 Bd8 34. b3
Bc7 35. Nf3 Rxa5 36. Rd1 Ra2 37. Rd7 Bb6 38. Rb7 Bc5 39. Nd2 Rxc2 40. Ne4 Bg1
41. Nd6 Rf2+ 42. Ke4 Re2+ 43. Kd3 Rxe5 44. Rxf7+ Kg8 45. Rf1 Bb6 46. Ne4 Rf5
47. c5 Bd8 48. Rc1 Kf8 49. c6 Bc7 50. Nc5 Ke7 51. Nxa6 Kd6 52. h4 Ra5 53. Nxc7
Kxc7 54. Kc4 Kxc6 55. Kxb4+ Kb6 56. Re1 Rb5+ 57. Kc4 Rc5+ 58. Kd4 Rd5+ 59. Kc3
Rc5+ 60. Kb2 e5 61. Rd1 Rc6 62. Rf1 Rc8 63. Rf6+ Kc5 64. Rxg6 Kd4 65. Re6 e4
66. b4 e3 67. b5 Kd3 68. Rd6+ Ke2 69. g6 Kf1 70. Rf6+ Ke1 71. g7 Rg8 72. Rf7 e2
73. Kb3 Kd2 74. Rd7+ Ke3 75. Re7+ Kf3 76. Rf7+ Kg3 77. Re7 Kf2 78. Rf7+ Ke3 79.
Re7+ Kf2 1/2-1/2

[Event "GBR-ch 100th"]
[Site "Torquay"]
[Date "2013.08.06"]
[Round "8"]
[White "Gill, Oliver"]
[Black "Richardson, Alex"]
[Result "1-0"]
[WhiteElo "1974"]
[BlackElo "2149"]
[PlyCount "63"]
[EventDate "2013.07.29"]
[EventType "swiss"]
[EventRounds "11"]
[EventCountry "GBR"]
[Source "John Saunders"]
[SourceDate "2015.07.24"]

1. e4 c6 2. Nc3 d5 3. Nf3 Bg4 4. h3 Bxf3 5. Qxf3 e6 6. d3 Nd7 7. Bd2 g6 8. g4
Bg7 9. O-O-O Ne7 10. h4 h5 11. gxh5 Rxh5 12. Qg3 Nf6 13. Be2 d4 14. Nb1 Rh7 15.
Rdg1 Nh5 16. Bxh5 Rxh5 17. Qf3 f6 18. Rxg6 Rh7 19. Rg2 Kf7 20. h5 Qh8 21. h6
Ke8 22. Rxg7 Rxg7 23. hxg7 Qxg7 24. Bh6 Qg6 25. Qh5 Kf7 26. Bf4 Qxh5 27. Rxh5
Rg8 28. Rh7+ Ke8 29. Bg3 f5 30. exf5 exf5 31. c3 f4 32. Bxf4 1-0

[Event "GBR-ch 100th"]
[Site "Torquay"]
[Date "2013.08.06"]
[Round "8"]
[White "Gormally, Daniel"]
[Black "Ward, Christopher"]
[Result "1-0"]
[WhiteElo "2496"]
[BlackElo "2432"]
[PlyCount "55"]
[EventDate "2013.07.29"]
[EventType "swiss"]
[EventRounds "11"]
[EventCountry "GBR"]
[Source "John Saunders"]
[SourceDate "2015.07.24"]

1. d4 Nf6 2. Nf3 e6 3. c4 c5 4. d5 b5 5. dxe6 fxe6 6. cxb5 a6 7. bxa6 Bxa6 8.
Nc3 Be7 9. g3 O-O 10. Bg2 Nc6 11. O-O d5 12. Re1 Kh8 13. Ng5 Qd7 14. Bh3 Nd8
15. e4 d4 16. e5 Ng8 17. Nce4 h6 18. Qh5 Bb7 19. Bg2 Rf5 20. f4 Bxg5 21. fxg5
Qd5 22. g4 Rxe5 23. Bf4 Nf6 24. Qg6 Rxg5 25. Bxg5 hxg5 26. Rf1 d3 27. Rxf6 gxf6
28. Qh6+ 1-0

[Event "GBR-ch 100th"]
[Site "Torquay"]
[Date "2013.08.06"]
[Round "8"]
[White "Hebden, Mark"]
[Black "Arkell, Keith C"]
[Result "1-0"]
[WhiteElo "2555"]
[BlackElo "2444"]
[PlyCount "101"]
[EventDate "2013.07.29"]
[EventType "swiss"]
[EventRounds "11"]
[EventCountry "GBR"]
[Source "John Saunders"]
[SourceDate "2015.07.24"]

1. d4 Nf6 2. Nf3 e6 3. c3 d5 4. Bg5 Nbd7 5. Nbd2 Be7 6. e3 O-O 7. Bd3 b6 8. Qa4
h6 9. Bxf6 Bxf6 10. e4 Bb7 11. e5 Be7 12. Rd1 c5 13. O-O a5 14. Rfe1 Qc7 15.
Bb1 cxd4 16. cxd4 Rfc8 17. Bd3 Ba6 18. Bxa6 Rxa6 19. Qb5 Ra7 20. Nb1 Bb4 21.
Re2 Qc4 22. Qxc4 Rxc4 23. a3 Be7 24. Nc3 Rac7 25. Nb5 Rc8 26. Kf1 g5 27. Ne1 a4
28. Rdd2 g4 29. Rd3 Kh7 30. h3 gxh3 31. Rxh3 Rc1 32. f4 Rd1 33. Rd3 Rxd3 34.
Nxd3 h5 35. g3 Kg6 36. Kf2 Rc4 37. Ne1 f6 38. Rc2 Rxc2+ 39. Nxc2 fxe5 40. fxe5
Bg5 41. Nc3 b5 42. Nxb5 Bc1 43. Ne1 Bxb2 44. Nd3 Ba1 45. Nf4+ Kf5 46. Kf3 Nf8
47. Nxh5 Bb2 48. Nf4 Bc1 49. Nd6+ Kg5 50. Nf7+ Kf5 51. g4# 1-0

[Event "GBR-ch 100th"]
[Site "Torquay"]
[Date "2013.08.06"]
[Round "8"]
[White "Henderson, David"]
[Black "Wang, Maria"]
[Result "1-0"]
[WhiteElo "2053"]
[BlackElo "1817"]
[PlyCount "65"]
[EventDate "2013.07.29"]
[EventType "swiss"]
[EventRounds "11"]
[EventCountry "GBR"]
[Source "John Saunders"]
[SourceDate "2015.07.24"]

1. e4 e6 2. d4 d5 3. e5 c5 4. c3 Nc6 5. Nf3 Qb6 6. Be2 cxd4 7. cxd4 Nh6 8. b3
Bb4+ 9. Kf1 Nf5 10. Bb2 Bd7 11. g4 Nh6 12. Nc3 Rc8 13. Na4 Qd8 14. a3 Bf8 15.
Rg1 Na5 16. Nc5 b6 17. Nxd7 Qxd7 18. Qd3 Be7 19. Bd1 f6 20. exf6 gxf6 21. g5
Nf5 22. gxf6 Bxf6 23. Ng5 Bxg5 24. Rxg5 Qe7 25. Rxf5 exf5 26. Qxf5 Rc7 27. Bh5+
Kd8 28. Re1 Qd6 29. Bc1 Rd7 30. Bg5+ Kc8 31. Bg4 Nc6 32. Re6 Qc7 33. Qf6 1-0

[Event "GBR-ch 100th"]
[Site "Torquay"]
[Date "2013.08.06"]
[Round "8"]
[White "Hoare, Amy B"]
[Black "Brusey, Alan"]
[Result "1-0"]
[WhiteElo "1873"]
[BlackElo "2020"]
[PlyCount "65"]
[EventDate "2013.07.29"]
[EventType "swiss"]
[EventRounds "11"]
[EventCountry "GBR"]
[Source "John Saunders"]
[SourceDate "2015.07.24"]

1. e4 e6 2. d4 d5 3. Nc3 Bb4 4. exd5 exd5 5. Bd3 Nc6 6. a3 Bxc3+ 7. bxc3 Nf6 8.
Ne2 O-O 9. O-O Na5 10. Ng3 b6 11. Nh5 Ne4 12. f3 Nd6 13. Qe1 f6 14. Qg3 Rf7 15.
Re1 Bf5 16. Bf4 Nac4 17. Bh6 Qf8 18. Bf4 Kh8 19. Bxd6 Nxd6 20. Nf4 Bxd3 21.
cxd3 Rd8 22. Ne6 Qe7 23. Nxd8 Qxd8 24. Re6 g6 25. Qe1 Qd7 26. Re2 f5 27. Re5 c6
28. f4 g5 29. Re6 Ne4 30. Rh6 Kg7 31. fxg5 Nxg5 32. Qh4 Qd8 33. Rxh7+ 1-0

[Event "GBR-ch 100th"]
[Site "Torquay"]
[Date "2013.08.06"]
[Round "8"]
[White "Jaunooby, Ali Reza"]
[Black "De Coverly, Roger"]
[Result "1-0"]
[WhiteElo "2170"]
[BlackElo "2036"]
[PlyCount "67"]
[EventDate "2013.07.29"]
[EventType "swiss"]
[EventRounds "11"]
[EventCountry "GBR"]
[Source "John Saunders"]
[SourceDate "2015.07.24"]

1. d4 Nf6 2. c4 e6 3. Nc3 d5 4. Bg5 Nbd7 5. e3 c6 6. cxd5 exd5 7. Bd3 Bb4 8.
Nge2 Qa5 9. a3 Bxc3+ 10. bxc3 O-O 11. Qc2 Ne4 12. Bf4 Re8 13. f3 Nef6 14. e4 g6
15. O-O Nf8 16. Ng3 Be6 17. Rfb1 Bc8 18. e5 N6d7 19. Bh6 Qd8 20. f4 f5 21. exf6
Nxf6 22. h3 Qe7 23. f5 Ne4 24. Nxe4 dxe4 25. Bc4+ Kh8 26. f6 Qxf6 27. Rf1 Qd6
28. Bf4 Qd8 29. Bf7 Bf5 30. g4 Bd7 31. Qb3 Ne6 32. Be5+ Ng7 33. Bxe8 Qxe8 34.
Qf7 1-0

[Event "GBR-ch 100th"]
[Site "Torquay"]
[Date "2013.08.06"]
[Round "8"]
[White "Jones, Steven"]
[Black "Harvey, Marcus Ross"]
[Result "0-1"]
[WhiteElo "2033"]
[BlackElo "2202"]
[PlyCount "70"]
[EventDate "2013.07.29"]
[EventType "swiss"]
[EventRounds "11"]
[EventCountry "GBR"]
[Source "John Saunders"]
[SourceDate "2015.07.24"]

1. e4 e6 2. d4 d5 3. Nc3 Nf6 4. Bg5 dxe4 5. Nxe4 Be7 6. Bxf6 gxf6 7. c3 f5 8.
Nd2 c5 9. dxc5 Bxc5 10. Nb3 Qxd1+ 11. Rxd1 Bb6 12. Bb5+ Ke7 13. Nf3 a6 14. Bd3
Nc6 15. Nbd4 Bd7 16. O-O Nxd4 17. Nxd4 Kf6 18. f4 Rhd8 19. Be2 Ba4 20. b3 Bb5
21. Rfe1 Bxe2 22. Rxe2 Rac8 23. Kf1 Rxc3 24. Red2 Ba5 25. Ke2 h5 26. Rd3 Rc5
27. g3 h4 28. gxh4 Bc7 29. h5 Rcd5 30. h6 Bxf4 31. h7 Rh8 32. Rh3 Be5 33. Nf3
Rxd1 34. Kxd1 Bf4 35. Rh4 e5 0-1

[Event "GBR-ch 100th"]
[Site "Torquay"]
[Date "2013.08.06"]
[Round "8"]
[White "Knott, Simon JB"]
[Black "Meszaros, Gyula"]
[Result "0-1"]
[WhiteElo "2318"]
[BlackElo "2255"]
[PlyCount "120"]
[EventDate "2013.07.29"]
[EventType "swiss"]
[EventRounds "11"]
[EventCountry "GBR"]
[Source "John Saunders"]
[SourceDate "2015.07.24"]

1. Nf3 e6 2. g3 d5 3. Bg2 Nf6 4. O-O b6 5. c4 Bb7 6. cxd5 exd5 7. d4 Bd6 8. Nc3
a6 9. Nh4 O-O 10. Bg5 Be7 11. Nf5 c6 12. e4 h6 13. Bxh6 gxh6 14. e5 Ne8 15.
Qg4+ Kh7 16. Qh5 Bc8 17. Qxh6+ Kg8 18. Bh3 Bg5 19. Qh5 Ng7 20. Nxg7 Bxh3 21.
Qxh3 Kxg7 22. f4 Bh6 23. Qg4+ Kh7 24. Qf5+ Kg8 25. Qh5 Bg7 26. f5 f6 27. e6 Ra7
28. Rf4 Qe8 29. Qh3 c5 30. dxc5 bxc5 31. Nxd5 Nc6 32. Re1 Ne5 33. Qg2 Nd3 34.
Re2 Nxf4 35. Nxf4 Qa4 36. h4 Qxa2 37. Kh2 Qc4 38. Rc2 Qd4 39. Rd2 Qe5 40. Rd5
Qe3 41. Rd3 Qe1 42. Rd2 Qb1 43. Qd5 Kh7 44. Re2 Re8 45. Ng6 Qf1 46. Qe4 Rd7 47.
e7 Rd4 48. Qc2 Rd1 49. Qe4 Rd4 50. Qc2 Rd1 51. Qe4 Bh6 52. b3 Qxe2+ 53. Qxe2
Rd2 54. Qxd2 Bxd2 55. g4 a5 56. g5 Kg7 57. Kg3 c4 58. bxc4 a4 59. c5 a3 60. c6
a2 0-1

[Event "GBR-ch 100th"]
[Site "Torquay"]
[Date "2013.08.06"]
[Round "8"]
[White "Kosten, Anthony C"]
[Black "Gordon, Stephen J"]
[Result "0-1"]
[WhiteElo "2458"]
[BlackElo "2521"]
[PlyCount "80"]
[EventDate "2013.07.29"]
[EventType "swiss"]
[EventRounds "11"]
[EventCountry "GBR"]
[Source "John Saunders"]
[SourceDate "2015.07.24"]

1. c4 c5 2. g3 g6 3. Bg2 Bg7 4. Nc3 Nc6 5. Nf3 d6 6. O-O Bf5 7. b3 Qd7 8. Bb2
Bh3 9. e3 h5 10. d4 Bxg2 11. Kxg2 h4 12. dxc5 hxg3 13. fxg3 Qh3+ 14. Kg1 dxc5
15. Qe2 Nf6 16. Nd5 O-O 17. Ng5 Qh8 18. Rxf6 Bxf6 19. Nxf6+ exf6 20. Ne4 Ne5
21. Rf1 f5 22. Nxc5 Rfe8 23. Nxb7 Qh6 24. Nd6 Re6 25. c5 Ng4 26. e4 Rf8 27. Rf4
Qh5 28. b4 f6 29. b5 fxe4 30. Qxg4 Qxc5+ 31. Rf2 f5 32. Qh4 Rxd6 33. Qh6 Kf7
34. Qg7+ Ke8 35. Kg2 e3 36. Re2 Qd5+ 37. Kh3 f4 38. Qe5+ Qxe5 39. Bxe5 f3 40.
Rxe3 Re6 0-1

[Event "GBR-ch 100th"]
[Site "Torquay"]
[Date "2013.08.06"]
[Round "8"]
[White "Ledger, David"]
[Black "Foo, William"]
[Result "0-1"]
[WhiteElo "2305"]
[BlackElo "2090"]
[PlyCount "73"]
[EventDate "2013.07.29"]
[EventType "swiss"]
[EventRounds "11"]
[EventCountry "GBR"]
[Source "John Saunders"]
[SourceDate "2015.07.24"]

1. e4 c5 2. Nf3 d6 3. d4 cxd4 4. Nxd4 Nf6 5. Nc3 g6 6. Be3 Bg7 7. f3 O-O 8. Qd2
Nc6 9. O-O-O Nxd4 10. Bxd4 Be6 11. g4 Qa5 12. Kb1 Rfc8 13. g5 Nd7 14. Bxg7 Kxg7
15. Nd5 Qxd2 16. Rxd2 Bxd5 17. exd5 Nb6 18. b3 Rc3 19. Bg2 Re3 20. Rhd1 Rh8 21.
Rd3 Rxd3 22. Rxd3 h6 23. gxh6+ Rxh6 24. h3 Rh5 25. c4 Nd7 26. Kc2 Rg5 27. Rd2
Kf6 28. Kd3 Re5 29. b4 g5 30. h4 gxh4 31. Bh3 Nb6 32. a4 a5 33. Rb2 Re3+ 34.
Kd4 Rxf3 35. c5 Rf4+ 36. Kd3 Nxa4 37. Rc2 0-1